Fr. Conceicao Rodrigues College of Engineering

Essential environmental studies (Record no. 24595)

MARC details
000 -LEADER
fixed length control field 00374nam a2200181Ia 4500
082 ## - DEWEY DECIMAL CLASSIFICATION NUMBER
Item number MIS
100 ## - MAIN ENTRY--PERSONAL NAME
Personal name Misra/S.P/ Pandey/S/N
250 ## - EDITION STATEMENT
Edition statement 4
245 ## - TITLE STATEMENT
Title Essential environmental studies
260 ## - PUBLICATION, DISTRIBUTION, ETC.
Name of publisher, distributor, etc. #N/A
Date of publication, distribution, etc. 2016
366 ## - TRADE AVAILABILITY INFORMATION
Publishers's discount category 27
300 ## - PHYSICAL DESCRIPTION
Extent 790
546 ## - LANGUAGE NOTE
Language note ENGLISH
-- Computers
650 ## - SUBJECT ADDED ENTRY--TOPICAL TERM
Topical term or geographic name entry element Environment
654 ## - SUBJECT ADDED ENTRY--FACETED TOPICAL TERMS
Focus term envrionment
942 ## - ADDED ENTRY ELEMENTS (KOHA)
Koha item type BOOK
Holdings
Withdrawn status Lost status Damaged status Not for loan Collection Home library Current library Date acquired Source of acquisition Cost, normal purchase price Inventory number Total Checkouts Full call number Barcode Date last seen Cost, replacement price Price effective from Koha item type
        CRC Fr. Agnel's C.Rodrigues College of Engineering Fr. Agnel's C.Rodrigues College of Engineering 17/03/2023 Allied Publisher 361.35 1236 dt 24.12.2015   MIS 23924 17/03/2023 495.00   BOOK